000 00337nam a22001217a 4500
020 _a9788126531597
082 _222
_a005.71376
100 _aPanek, William.
245 _aMCTS windows server 2008 RZ(3in1) complete study guide /
260 _aNew Delhi,
_bJohn Wiley,
_cc2011.
300 _aixiii, 1157p. ;
_bill. ;
_c23 cm.
942 _2ddc
_cIT
999 _c468
_d468